Fourier Transform. (Record no. 348899)
[ view plain ]
| 000 -LEADER | |
|---|---|
| fixed length control field | 00397 a2200157 4500 |
| 020 ## - INTERNATIONAL STANDARD BOOK NUMBER | |
| International Standard Book Number | 9789698906191 |
| 082 ## - DEWEY DECIMAL CLASSIFICATION NUMBER | |
| Classification number | 535.842 |
| 090 ## - LOCALLY ASSIGNED LC-TYPE CALL NUMBER (OCLC); LOCAL CALL NUMBER (RLIN) | |
| -- | 6540 |
| -- | 6540 |
| 100 ## - MAIN ENTRY--PERSONAL NAME | |
| Personal name | Khan,Ashfaque Ahmed |
| 245 ## - TITLE STATEMENT | |
| Title | Fourier Transform. |
| Statement of responsibility, etc. | Ashfaque Ahmed Khan |
| 250 ## - EDITION STATEMENT | |
| Edition statement | 1st. |
| 260 ## - PUBLICATION, DISTRIBUTION, ETC. | |
| Place of publication, distribution, etc. | Karachi. |
| Name of publisher, distributor, etc. | Federal Urdu University . |
| Date of publication, distribution, etc. | 2007. |
| 300 ## - PHYSICAL DESCRIPTION | |
| Extent | 172p. |
| 500 ## - GENERAL NOTE | |
| General note | Paper cover |
| 942 ## - ADDED ENTRY ELEMENTS (KOHA) | |
| Institution code [OBSOLETE] | NBS |
| Koha item type | Book |
| Call number prefix | 535.842 KHA |
| Withdrawn status | Lost status | Damaged status | Not for loan | Permanent Location | Current Location | Date acquired | Total Checkouts | Full call number | Barcode | Date last seen | Price effective from | Koha item type |
|---|---|---|---|---|---|---|---|---|---|---|---|---|
| Central Library (CL) | Central Library (CL) | 08/28/2013 | 535.842 KHA | NBSD-1823 | 08/28/2013 | 08/28/2013 | Book | |||||
| Central Library (CL) | Central Library (CL) | 08/28/2013 | 535.842 KHA | NBSD-1824 | 08/28/2013 | 08/28/2013 | Book |
